LEADER 01028naa a2200241 u 4500 001 000000103226 003 CaOOAMICUS 005 20070226130215.0 008 061102s1966 gw u000 u ger u 035 $a11105166 040 $aIAR$bita 100 1 $aTheiler, Willy,$d1899-$0(OLS)http://pul/name/21838 245 10$aPorphyrios und Augustin /$cWilly Theiler. 260 $aBerlin :$bWalter de Gruyter,$c1966. 300 $ap. 160-251 ;$c25 cm 500 $aIAR: CFA.49 500 $aErstveröffentlichung: Schriften der Königsberger Gelehrten Gesellschaft, Geistesw.Kl. 10, 1933. 600 04$aPorphyrius Tyrius,$d232/233-305?.$0(OLS)http://pul/subject/8122 600 04$aAugustinus,$cs., vesc. d'Ippona,$d354-430$xInfluenza.$0(OLS)http://pul/subject/14623 773 0 $aForschungen zum Neuplatonismus. 773 0 $aTheiler, Willy.$tForschungen zum Neuplatonismus$gBd. 10$w()26550 996 $6245$aPorphyrios und Augustin$9(OLS)http://pul/title/130133 996 $6260$aBerlin :$bWalter de Gruyter$9(OLS)http://pul/publisher/48231 LEADER 01543nam a2200325 a 4500 001 000000126556 003 CaOOAMICUS 005 20111019101726.0 008 111019s2006 pl u000 u pol r 020 $a83-7030-526-1 040 $aPUL$bita 041 0 $apol$ager$aita 082 04$a226.6 100 1 $aWilk, Janusz,$csacerdote,$d1973-$0(OLS)http://pul/name/80626 245 11$a"Teologia kontaktu" na podstawie Listu sw. Pawla do Filipian i Dziejów Apostolskich 16 /$cKs. Janusz Wilk. 260 $aKatowice :$bKsiegarnia sw. Jacka,$c2006. 300 $a227 p. ;$c24 cm 490 1 $aStudia i Materialy Wydzialu Teologicznego Uniwersytetu Slaskiego w Katowicach ;$v31 504 $aBibliografia p. [194]-223. 546 $a"Sommario" in tedesco e italiano. 630 04$aBiblia.$pN.T.$pPauli epistolae$xCritica e interpretazione.$0(OLS)http://pul/subject/36488 830 0$aStudia i Materialy Wydzialu Teologicznego Uniwersytetu Slaskiego w Katowicach ;$v31.$0(OLS)http://pul/title/159836 850 $aPUL 852 $aPUL$W1$xDP2 Religione 3$y114$m226. 6 WILJA 2$j146326$qDDC 21$B145037$CPULBib$Z2$F145037 $H118007 $82 941 1 $a9 996 $6020$a83-7030-526-1$9(OLS)http://pul/number/148141 996 $6082$a226.6$9(OLS)http://pul/classification/437 996 $6245$a"Teologia kontaktu" na podstawie Listu sw. Pawla do Filipian i Dziejów Apostolskich 16$9(OLS)http://pul/title/159835 996 $6260$aKatowice :$bKsiegarnia sw. Jacka$9(OLS)http://pul/publisher/81754